000 01097nam a2200277Ia 4500
003 OSt
005 20221005110942.0
006 a|||||r|||| 00| 0
007 ta
008 221004b |||||||| |||| 00| 0 hin d
020 _a9788183614078 (hbk)
_c250
024 _a107073
037 _b1467, 17/03/2011, Kiran Book Service
_cTextual
040 _aCRL
_cCRL
_bhin
041 _2hin
_ahin
082 _aO152v, Q0
100 _aमिश्र, भगीरथ
245 0 _aहिन्दी साहित्य का परिचयात्मक इतिहास
246 _aHindī sāhitya kā parichayātmak itihāsa
260 _aनई दिल्ली
_bराधा कृष्ण भारत
_c2010
300 _a179पृ0
_ccm.
650 _aहिन्दी साहित्य
700 _a मिश्र, सत्यदेव, संपा.
942 _hO152v, Q0
_cTEXL
_2cc
999 _c1020358
_d1020358